Central Library OPAC University of Rajshahi

Life between death and resurrection according to Islam / (Record no. 32557)

MARC details
000 -LEADER
fixed length control field 00739cam a2200241u 4500
001 - CONTROL NUMBER
control field 32557
003 - CONTROL NUMBER IDENTIFIER
rucl marc code BD-RjUL
005 - DATE AND TIME OF LATEST TRANSACTION
control field 20211209051844.0
008 - FIXED-LENGTH DATA ELEMENTS--GENERAL INFORMATION
fixed length control field 140427s1941 sw 000 0 eng
035 ## - SYSTEM CONTROL NUMBER
System control number (BD-RjUL)32646
040 ## - CATALOGING SOURCE
Original cataloging agency DLC
Transcribing agency CarP
Modifying agency DLC
-- BD-RjUL
Language of cataloging eng
041 ## - LANGUAGE CODE
Language code of text/sound track or separate title eng
082 04 - DEWEY DECIMAL CLASSIFICATION NUMBER
Classification number 297.4
Author mark and year EKL 1941
100 1# - MAIN ENTRY--PERSONAL NAME
Personal name Eklund, Ragnar,
Dates associated with a name 1909-
9 (RLIN) 99030
245 10 - TITLE STATEMENT
Title Life between death and resurrection according to Islam /
Statement of responsibility, etc. Ragnar Eklund.
260 ## - PUBLICATION, DISTRIBUTION, ETC. (IMPRINT)
Place of publication, distribution, etc. Uppsala :
Name of publisher, distributor, etc. Almqvist & Wilksells boktr.,
Date of publication, distribution, etc. 1941.
300 ## - PHYSICAL DESCRIPTION
Pagination vii, 188 p. ;
Size 24 cm.
650 #0 - SUBJECT ADDED ENTRY--TOPICAL TERM
Topical term or geographic name as entry element Intermediate state
General subdivision Islam.
9 (RLIN) 99031
700 1# - ADDED ENTRY--PERSONAL NAME
Personal name Lundequist, Elsa, [from old catalog]
Relator term tr.
942 ## - ADDED ENTRY ELEMENTS (KOHA)
Source of classification or shelving scheme Dewey Decimal Classification
Koha item type Books
Holdings
Lost status Source of classification or shelving scheme Damaged status Not for loan Permanent Location Current Location Shelving location Date acquired Source of acquisition Cost, normal purchase price Total Checkouts Full call number Date last seen Copy number Koha item type
  Dewey Decimal Classification   Not For Loan Central Library, University of Rajshahi Central Library, University of Rajshahi Reading Room 17/01/1966 A. I. Quraishi 24.00   297.4 EKL 1941 27/04/2014 C-1 Books